Quel est son époux / épouse - Mythologie grecque - Statistiques

Statistiques générales
  • Ce quiz a été pris 577 fois
    562 depuis la dernière actualisation
  • Le résultat moyen est 12 sur 15
Statistiques - réponses
Question Réponse % Correct
Zeus Héra
100%
Hadès Perséphone
99%
Perséphone Hadès
98%
Poséidon Amphitrite
94%
Orphée Eurydice
93%
Cronos Rhéa
89%
Pénélope Ulysse
88%
Aphrodite Héphaïstos
87%
Ulysse Pénélope
87%
Gaïa Ouranos
80%
Andromaque Hector
72%
Hélène Ménélas
64%
Thésée Phèdre
45%
Océan Téthys
45%
Héraclès / Hercule Hébé
42%
Aucun quiz correspondant
Distribution des résultats
% des personnes avec chaque résultat
Percentile par nombre de réponses
Votre historique - résultats
Vous n’avez pas pris ce quiz depuis la dernière actualisation